000 00769nam a2200253Ia 4500
003 OSt
005 20220918200446.0
006 a|||||r|||| 00| 0
007 ta
008 220917b |||||||| |||| 00| 0 eng d
024 _a88,925
037 _b53900, 06/06/1996, IBD
_cTextual
040 _aARTS
_cARTS
_beng
041 _2eng
_aeng
082 _aU42.6.N9, N5 (906)
100 _aBaker Jonathan Ed.
_994199
245 0 _aMigration experience in Africa
260 _aUppsala
_bNordiska Afrika Institute
_c1995
300 _a353p.
_ccm.
650 _aGEOGRAPHY
700 _a Aina Tade Akin Ed.
_994200
942 _hU42.6.N9, N5 (906)
_cTEXL
_2CC
999 _c212595
_d212595